[Event "35th European Club Cup 2019"]
[Site "Ulcinj"]
[Date "2019.11.15"]
[Round "6.11"]
[White "Buzeti, Jernej"]
[Black "Rozentalis, Eduardas"]
[Result "1/2-1/2"]
[WhiteElo "2211"]
[BlackElo "2547"]
[Annotator "ChessBase"]
[PlyCount "69"]
[EventDate "2019.11.10"]
[EventType "team-tourn"]
[EventCountry "MNE"]
[SourceTitle "playchess.com"]
[Source "ChessBase"]
[SourceQuality "1"]
[WhiteTeam "Maribor"]
[BlackTeam "Koge SK"]
[TimeControl "40/5400+30:1800+30"]

1. e4 {[%emt 0:00:00]} c6 {[%emt 0:00:00]} 2. d4 {[%emt 0:00:00]} d5 {[%emt 0:00:00]} 3. Nd2 {[%emt 0:00:31]} Qc7 {[%emt 0:00:23]} 4. Bd3 {[%emt 0:03:41]} dxe4 {[%emt 0:00:57]} 5. Nxe4 {[%emt 0:00:22]} Bf5 {[%emt 0:00:09]} 6. Ng3 {[%emt 0:05:20]} Bxd3 {[%emt 0:01:37]} 7. Qxd3 {[%emt 0:00:05]} e6 {[%emt 0:00:41]} 8. Nf3 {[%emt 0:00:53]} Nd7 {[%emt 0:00:25]} 9. Bd2 {[%emt 0:00:58]} Ngf6 {[%emt 0:01:06]} 10. O-O-O {[%emt 0:03:04]} O-O-O {[%emt 0:01:13]} 11. Kb1 {[%emt 0:09:33]} c5 {[%emt 0:08:46]} 12. dxc5 {[%emt 0:12:28]} Bxc5 {[%emt 0:02:11]} 13. Qe2 {[%emt 0:07:03]} h6 {[%emt 0:08:33]} 14. Bc3 {[%emt 0:02:28]} Rhg8 {[%emt 0:02:41]} 15. Bd4 {[%emt 0:03:43]} Kb8 {[%emt 0:06:02]} 16. Ne4 {[%emt 0:02:50]} Nxe4 {[%emt 0:02:53]} 17. Qxe4 {[%emt 0:00:10]} Nf6 {[%emt 0:00:24]} 18. Qe2 {[%emt 0:00:40]} Bxd4 {[%emt 0:02:09]} 19. Nxd4 {[%emt 0:00:40]} a6 {[%emt 0:02:44]} 20. Nf3 {[%emt 0:04:18]} Nd5 {[%emt 0:04:12]} 21. g3 {[%emt 0:05:40]} Nb4 {[%emt 0:12:01]} 22. a3 {[%emt 0:03:12]} Nc6 {[%emt 0:00:46]} 23. Rxd8+ {[%emt 0:04:14]} Rxd8 {[%emt 0:01:05]} 24. Rd1 {[%emt 0:00:37]} Rxd1+ {[%emt 0:02:03]} 25. Qxd1 {[%emt 0:00:06]} g5 {[%emt 0:00:13]} 26. h4 {[%emt 0:11:26]} f6 {[%emt 0:10:56]} 27. hxg5 {[%emt 0:01:41]} fxg5 {[%emt 0:04:12]} 28. Nd4 {[%emt 0:07:26]} Nxd4 {[%emt 0:01:16]} 29. Qxd4 {[%emt 0:00:06]} e5 {[%emt 0:00:44]} 30. Qd5 {[%emt 0:01:19]} Qe7 {[%emt 0:01:51]} 31. g4 {[%emt 0:02:31]} e4 {[%emt 0:00:41]} 32. Qf5 {[%emt 0:00:33]} e3 {[%emt 0:05:58]} 33. fxe3 {[%emt 0:00:29]} Qxe3 {[%emt 0:00:07]} 34. Ka2 {[%emt 0:01:18]} Qf4 {[%emt 0:05:12]} 35. Qe6 {[%emt 0:01:36]} 1/2-1/2

[Event "35th European Club Cup 2019"]
[Site "Ulcinj"]
[Date "2019.11.15"]
[Round "6.11"]
[White "Vujovic, Savo"]
[Black "Haag, Gregor"]
[Result "0-1"]
[WhiteElo "2040"]
[BlackElo "2368"]
[Annotator "NA"]
[PlyCount "125"]
[EventDate "2019.11.10"]
[EventType "team-tourn"]
[EventCountry "MNE"]
[SourceTitle "playchess.com"]
[Source "ChessBase"]
[SourceQuality "1"]
[WhiteTeam "Crnogorac"]
[BlackTeam "Riehen SG"]
[TimeControl "40/5400+30:1800+30"]

1. e4 {[%emt 0:00:00]} c5 {[%emt 0:00:00]} 2. Nf3 {[%emt 0:00:00]} e6 {[%emt 0:00:00]} 3. d4 {[%emt 0:00:12]} cxd4 {[%emt 0:00:00]} 4. Nxd4 {[%emt 0:00:04]} Nc6 {[%emt 0:00:00]} 5. Nc3 {[%emt 0:00:07]} Qc7 {[%emt 0:00:00]} 6. Be3 {[%emt 0:00:28]} a6 {[%emt 0:00:00]} 7. Be2 {[%emt 0:00:13]} b5 {[%emt 0:00:25]} 8. O-O {[%emt 0:00:22]} Bb7 {[%emt 0:00:12]} 9. f4 {[%emt 0:03:09]} Bc5 {[%emt 0:01:04]} 10. Bf3 {[%emt 0:03:10]} Qb6 {[%emt 0:03:05]} 11. Nce2 {[%emt 0:00:41]} Nf6 {[%emt 0:09:28]} 12. c3 {[%emt 0:02:47]} Nxd4 {[%emt 0:10:56]} 13. cxd4 {[%emt 0:00:25]} Be7 {[%emt 0:00:18]} 14. Qd3 {[%emt 0:01:20]} d5 {[%emt 0:05:56]} 15. e5 {[%emt 0:00:30]} Ne4 {[%emt 0:00:20]} 16. Ng3 {[%emt 0:01:01]} Nxg3 {[%emt 0:05:19]} 17. hxg3 {[%emt 0:00:06]} O-O {[%emt 0:01:28]} 18. g4 {[%emt 0:01:12]} f6 19. Rac1 {[%emt 0:02:04]} Rac8 {[%emt 0:14:20]} 20. g5 {[%emt 0:01:15]} fxg5 {[%emt 0:10:29]} 21. fxg5 {[%emt 0:00:09]} g6 {[%emt 0:01:26]} 22. Bg4 {[%emt 0:09:14]} b4 {[%emt 0:13:46]} 23. a4 {[%emt 0:09:13]} bxa3 {[%emt 0:07:02]} 24. bxa3 {[%emt 0:00:10]} Rxc1 {[%emt 0:02:53]} 25. Rxc1 {[%emt 0:00:06]} Bc8 {[%emt 0:00:47]} 26. Qb1 {[%emt 0:11:55]} Qxb1 {[%emt 0:03:06]} 27. Rxb1 {[%emt 0:00:01]} Bxa3 {[%emt 0:01:14]} 28. Rb6 {[%emt 0:03:23]} Kf7 {[%emt 0:02:13]} 29. Rc6 {[%emt 0:00:32]} Ke7 {[%emt 0:02:55]} 30. Rc7+ {[%emt 0:00:59]} Bd7 {[%emt 0:00:08]} 31. Ra7 {[%emt 0:01:32]} Rc8 {[%emt 0:02:21]} 32. Be2 {[%emt 0:13:34]} Bc1 {[%emt 0:03:16]} 33. Kf2 {[%emt 0:00:08]} Bxe3+ {[%emt 0:00:11]} 34. Kxe3 {[%emt 0:00:08]} Rc3+ {[%emt 0:00:17]} 35. Kd2 {[%emt 0:00:18]} Rg3 {[%emt 0:00:53]} 36. Bxa6 {[%emt 0:01:41]} Rxg2+ {[%emt 0:01:12]} 37. Kc3 {[%emt 0:00:27]} Kd8 {[%emt 0:00:46]} 38. Kb4 {[%emt 0:01:21]} Rb2+ {[%emt 0:00:32]} 39. Kc5 {[%emt 0:00:59]} Rc2+ {[%emt 0:00:09]} 40. Kb6 {[%emt 0:00:00]} Rb2+ {[%emt 0:00:00]} 41. Kc5 {[%emt 0:01:12]} Rc2+ {[%emt 0:04:05]} 42. Kb6 {[%emt 0:00:15]} Rc6+ {[%emt 0:04:53]} 43. Kb7 {[%emt 0:03:19]} Rc7+ {[%emt 0:07:20]} 44. Kb6 {[%emt 0:00:07]} Rxa7 {[%emt 0:00:06]} 45. Kxa7 {[%emt 0:00:04]} Ba4 {[%emt 0:00:08]} 46. Kb6 {[%emt 0:00:29]} Bc2 {[%emt 0:00:37]} 47. Kc6 {[%emt 0:00:11]} Ke7 {[%emt 0:00:05]} 48. Kc7 {[%emt 0:00:40]} Bf5 {[%emt 0:03:47]} 49. Bf1 {[%emt 0:02:18]} Kf7 {[%emt 0:00:55]} 50. Kd7 {[%emt 0:00:35]} h5 {[%emt 0:05:15]} 51. gxh6 {[%emt 0:00:01]} g5 {[%emt 0:00:06]} 52. h7 {[%emt 0:00:04]} Kg7 {[%emt 0:00:34]} 53. Ke7 {[%emt 0:00:28]} Kxh7 {[%emt 0:00:46]} 54. Kf6 {[%emt 0:00:56]} Kh6 {[%emt 0:00:06]} 55. Bg2 {[%emt 0:00:15]} Bg4 {[%emt 0:00:51]} 56. Bf1 {[%emt 0:00:55]} Kh5 {[%emt 0:00:23]} 57. Bg2 {[%emt 0:00:19]} Kh4 {[%emt 0:00:22]} 58. Bf1 {[%emt 0:00:19]} Bf5 {[%emt 0:00:40]} 59. Bg2 {[%emt 0:00:19]} Kg4 {[%emt 0:00:33]} 60. Bf1 {[%emt 0:01:06]} Kf4 {[%emt 0:00:11]} 61. Bg2 {[%emt 0:00:31]} g4 {[%emt 0:01:00]} 62. Bh1 {[%emt 0:00:08]} g3 {[%emt 0:00:48]} 63. Bg2 {[%emt 0:00:04] Kxe5+} 0-1

[Event "35th European Club Cup 2019"]
[Site "Ulcinj"]
[Date "2019.11.15"]
[Round "6.12"]
[White "Smith, Axel"]
[Black "Bratkovic, Sham"]
[Result "1-0"]
[WhiteElo "2465"]
[BlackElo "2232"]
[Annotator "ChessBase"]
[PlyCount "65"]
[EventDate "2019.11.10"]
[EventType "team-tourn"]
[EventCountry "MNE"]
[SourceTitle "playchess.com"]
[Source "ChessBase"]
[SourceQuality "1"]
[WhiteTeam "Koge SK"]
[BlackTeam "Maribor"]
[TimeControl "40/5400+30:1800+30"]

1. Nf3 {[%emt 0:00:00]} d5 {[%emt 0:01:35]} 2. c4 {[%emt 0:00:00]} c6 {[%emt 0:01:00]} 3. e3 {[%emt 0:00:00]} Nf6 {[%emt 0:01:40]} 4. d4 {[%emt 0:00:00]} e6 {[%emt 0:01:25]} 5. b3 {[%emt 0:00:00]} Bb4+ {[%emt 0:03:01]} 6. Nbd2 {[%emt 0:00:09]} c5 {[%emt 0:01:05]} 7. Bb2 {[%emt 0:04:48]} O-O {[%emt 0:04:26]} 8. Bd3 {[%emt 0:03:43]} Ne4 {[%emt 0:07:22]} 9. a3 {[%emt 0:08:15]} Bxd2+ {[%emt 0:06:55]} 10. Nxd2 {[%emt 0:00:11]} f5 {[%emt 0:07:25]} 11. O-O {[%emt 0:18:07]} Nd7 {[%emt 0:08:43]} 12. Nf3 {[%emt 0:07:47]} b6 {[%emt 0:06:45]} 13. cxd5 {[%emt 0:06:01]} exd5 {[%emt 0:00:57]} 14. dxc5 {[%emt 0:00:06]} Ndxc5 {[%emt 0:03:32]} 15. Nd4 {[%emt 0:00:29]} Qg5 {[%emt 0:14:42]} 16. b4 {[%emt 0:03:39]} Ne6 {[%emt 0:06:12]} 17. f4 {[%emt 0:06:26]} Qf6 {[%emt 0:05:09]} 18. Rc1 {[%emt 0:11:00]} Bb7 {[%emt 0:03:58]} 19. Bxe4 {[%emt 0:03:10]} dxe4 {[%emt 0:00:56]} 20. Qb3 {[%emt 0:02:02]} Rae8 {[%emt 0:02:27]} 21. Nb5 {[%emt 0:07:19]} Qg6 {[%emt 0:02:58]} 22. Rc7 {[%emt 0:01:14]} Rf7 {[%emt 0:02:44]} 23. Rxf7 {[%emt 0:00:23]} Qxf7 {[%emt 0:00:06]} 24. Nd6 {[%emt 0:00:14]} Qd7 {[%emt 0:01:10]} 25. Nxe8 {[%emt 0:00:10]} Qxe8 {[%emt 0:00:06]} 26. Rd1 {[%emt 0:01:23]} Kh8 {[%emt 0:00:38]} 27. Rd6 {[%emt 0:01:45]} Bc8 {[%emt 0:02:16]} 28. Qc3 {[%emt 0:03:58]} Qf8 {[%emt 0:01:12]} 29. Rd5 {[%emt 0:03:19]} h6 {[%emt 0:01:48]} 30. Qe5 {[%emt 0:00:52]} Qg8 {[%emt 0:01:23]} 31. h3 {[%emt 0:02:25]} Nf8 {[%emt 0:00:58]} 32. Rd8 {[%emt 0:00:34]} Ba6 {[%emt 0:00:52]} 33. Qd6 {[%emt 0:01:10]} 1-0

[Event "35th European Club Cup 2019"]
[Site "Ulcinj"]
[Date "2019.11.15"]
[Round "6.12"]
[White "Balacek, Tadeas"]
[Black "Kovalev, Vladislav"]
[Result "0-1"]
[WhiteElo "2337"]
[BlackElo "2674"]
[Annotator "TA"]
[PlyCount "94"]
[EventDate "2019.11.10"]
[EventType "team-tourn"]
[EventCountry "MNE"]
[SourceTitle "playchess.com"]
[Source "ChessBase"]
[SourceQuality "1"]
[WhiteTeam "Lysa nad Labem"]
[BlackTeam "Alkaloid"]

{[%evp 16,94,36,34,41,31,44,38,37,20,28,0,0,26,27,18,12,27,37,32,48,38,47,15,15,15,10,15,12,12,9,9,9,7,9,8,19,14,31,12,14,14,9,0,0,0,0,0,0,0,0,0,0,-10,-10,-14,-10,-13,-8,-8,-1,-10,0,0,0,-48,0,-577,-577,-565,-498,-29971,-29973,-29973,-29973,-29974,-29975,-29975,-29976,-29976,-29976]} 1. d4 Nf6 2. Nf3 $146 (2. c4 g6 3. Nc3 Bg7 4. e4 d6 5. Nf3 {1-0 (82) Yuffa,D (2577)-McShane,L (2682) Khanty-Mansiysk 2019}) ({Predecessor:} 2. c4 g6 3. Nc3 Bg7 4. e4 d6 5. Nf3 {0-1 (40) Berry,N (2315)-Barcenilla,R (2455) Baku 2016}) 2... g6 3. c4 Bg7 4. Nc3 O-O 5. e4 d6 6. Be2 e5 7. d5 a5 8. Bg5 h6 9. Be3 Ng4 {E92: King's Indian: Classical: 6 Be2 e5: 7 dxe5, 7 Be3 and Petrosian System without 7...Nbd7} 10. Bd2 f5 11. h3 Nf6 {White is slightly better.} 12. exf5 gxf5 13. Qc1 f4 14. g3 e4 15. Nh4 {[#]} e3 $1 {[%cal Re3d2][%mdl 512]} 16. fxe3 fxg3 {White must now prevent ...Ne4!} 17. Ng6 g2 18. Rg1 Bxh3 19. Nxf8 Qxf8 20. Qc2 $1 ({Wrong is} 20. Bf3 $2 Ng4 $17) 20... Nbd7 21. Qg6 {Strongly threatening Qg3.} ({Not} 21. Bf3 $2 Ng4 $19) 21... Ng4 $1 {...Qf2+ is the strong threat.} 22. O-O-O ({Much weaker is} 22. Rxg2 Nde5 $17) 22... Nde5 $132 {[%mdl 2048] Black puts up resistance} 23. Qh5 $1 {[%cal Rh5h3]} Nf2 24. Be1 {Threatens to win with Bxf2.} Nxd1 25. Qxh3 Nxc3 26. Bxc3 Nf7 $1 27. Bxg7 Qxg7 28. Rxg2 Ng5 29. Qh4 Re8 30. Rh2 (30. Rg3 {with more complications.} Kf8 31. Bd3 Ke7 32. Bf5 Kd8 33. e4) 30... Rxe3 31. Qxh6 Qxh6 32. Rxh6 $11 {[%mdl 4096] Endgame KRB-KRN} Kg7 (32... Rxe2 $5 33. Rg6+ $8 Kf7 34. Rxg5 a4 $11) 33. Rh2 Kf6 34. Kd2 Rg3 35. Rf2+ Ke5 {Hoping for ...Ne4+.} 36. Bd3 Kd4 37. Rf4+ Kc5 38. Be2 $1 a4 39. a3 Rg2 40. Ke1 Kb6 41. Kf1 $2 {[%mdl 8192] [#]} (41. Kd2 $11 {and White is okay.}) 41... Rg1+ $1 $19 {[%mdl 576] Decoy} 42. Kxg1 Nh3+ {[%mdl 64] Double Attack} 43. Kg2 (43. Kf1 $19 Nxf4 44. Bd1) 43... Nxf4+ {Black mates.} 44. Kf3 Nxe2 45. Kxe2 Kc5 46. Kd3 {[#]} b5 $1 {[%cal Rb5b4][%mdl 64] Overworked Piece} 47. cxb5 Kxd5 {Accuracy: White = 71%, Black = 75%.} 0-1

[Event "35th European Club Cup 2019"]
[Site "Ulcinj"]
[Date "2019.11.15"]
[Round "6.12"]
[White "Wirthensohn, Heinz"]
[Black "Djurovic, Peko"]
[Result "1-0"]
[WhiteElo "2313"]
[BlackElo "1943"]
[Annotator "NA"]
[PlyCount "127"]
[EventDate "2019.11.10"]
[EventType "team-tourn"]
[EventCountry "MNE"]
[SourceTitle "playchess.com"]
[Source "ChessBase"]
[SourceQuality "1"]
[WhiteTeam "Riehen SG"]
[BlackTeam "Crnogorac"]
[TimeControl "40/5400+30:1800+30"]

1. Nf3 {[%emt 0:00:00]} d5 {[%emt 0:00:00]} 2. e3 {[%emt 0:00:00]} Nf6 {[%emt 0:00:23]} 3. c4 {[%emt 0:00:00]} e6 {[%emt 0:00:52]} 4. b3 Nbd7 {[%emt 0:00:57]} 5. Bb2 {[%emt 0:01:13]} Be7 6. d4 {[%emt 0:02:06]} O-O {[%emt 0:00:46]} 7. Bd3 {[%emt 0:00:06]} b6 8. O-O {[%emt 0:00:27]} Bb7 {[%emt 0:00:43]} 9. Nc3 {[%emt 0:01:13]} Ne4 {[%emt 0:02:18]} 10. Qc2 {[%emt 0:00:30]} f5 {[%emt 0:01:57]} 11. Ne2 {[%emt 0:00:36]} g5 {[%emt 0:02:36]} 12. cxd5 {[%emt 0:05:40]} exd5 {[%emt 0:01:33]} 13. Ne5 {[%emt 0:00:44]} c5 {[%emt 0:07:53]} 14. f3 {[%emt 0:02:27]} Rc8 {[%emt 0:14:31]} 15. Qd1 {[%emt 0:09:28]} c4 {[%emt 0:05:39]} 16. bxc4 {[%emt 0:04:19]} Nxe5 {[%emt 0:00:45]} 17. dxe5 {[%emt 0:00:40]} dxc4 {[%emt 0:00:07]} 18. Bxe4 {[%emt 0:17:21]} Qxd1 {[%emt 0:01:05]} 19. Raxd1 {[%emt 0:00:18]} fxe4 {[%emt 0:01:51]} 20. Rd7 {[%emt 0:05:39]} exf3 {[%emt 0:00:17]} 21. gxf3 {[%emt 0:00:05]} Bxf3 {[%emt 0:02:43]} 22. Nd4 {[%emt 0:04:17]} Bc5 {[%emt 0:01:10]} 23. Rxf3 {[%emt 0:01:10]} Rxf3 {[%emt 0:00:06]} 24. Nxf3 {[%emt 0:00:07]} Bxe3+ {[%emt 0:00:07]} 25. Kf1 {[%emt 0:04:21]} c3 {[%emt 0:00:18]} 26. Ba3 {[%emt 0:04:28]} c2 {[%emt 0:00:52]} 27. e6 {[%emt 0:02:32]} Bf4 {[%emt 0:11:01]} 28. Nd4 {[%emt 0:09:52]} c1=Q+ {[%emt 0:04:56]} 29. Bxc1 {[%emt 0:00:08]} Rxc1+ {[%emt 0:00:08]} 30. Kg2 {[%emt 0:00:53]} Re1 {[%emt 0:04:08]} 31. Rd8+ {[%emt 0:04:36]} Kg7 {[%emt 0:00:22]} 32. e7 {[%emt 0:00:30]} Rxe7 {[%emt 0:01:37]} 33. Nf5+ {[%emt 0:00:00]} Kf7 {[%emt 0:00:07]} 34. Nxe7 {[%emt 0:00:28]} Kxe7 {[%emt 0:00:02]} 35. Ra8 {[%emt 0:00:37]} a5 {[%emt 0:01:03]} 36. Ra6 {[%emt 0:02:06]} Bc7 {[%emt 0:02:04]} 37. Ra8 {[%emt 0:01:21]} Kd6 {[%emt 0:03:22]} 38. Rh8 {[%emt 0:00:50]} Kc5 {[%emt 0:00:20]} 39. Rxh7 {[%emt 0:00:07]} Bd8 {[%emt 0:00:26]} 40. Rd7 {[%emt 0:00:00]} Bf6 {[%emt 0:00:00]} 41. Kf3 {[%emt 0:04:39]} Be5 {[%emt 0:01:15]} 42. h3 {[%emt 0:00:26]} b5 {[%emt 0:00:09]} 43. Ke4 {[%emt 0:02:30]} Bf6 {[%emt 0:05:34]} 44. Kf5 {[%emt 0:00:30]} Bc3 {[%emt 0:00:15]} 45. Kxg5 {[%emt 0:00:22]} b4 {[%emt 0:19:13]} 46. Kf4 {[%emt 0:02:26]} a4 {[%emt 0:10:48]} 47. Ke4 b3 {[%emt 0:01:23]} 48. axb3 {[%emt 0:00:36]} axb3 {[%emt 0:00:12]} 49. Kd3 {[%emt 0:01:05]} Be5 {[%emt 0:02:24]} 50. Rb7 {[%emt 0:01:31]} b2 {[%emt 0:00:10]} 51. h4 {[%emt 0:01:42]} Kd6 {[%emt 0:00:51]} 52. h5 {[%emt 0:02:20]} Ke6 {[%emt 0:00:21]} 53. Ke4 Bc3 {[%emt 0:00:21]} 54. Rb6+ {[%emt 0:00:42]} Kf7 {[%emt 0:00:12]} 55. Kf5 {[%emt 0:00:08]} Kg7 {[%emt 0:00:23]} 56. h6+ {[%emt 0:00:30]} Kh7 {[%emt 0:00:30]} 57. Kg5 {[%emt 0:00:21]} Kg8 {[%emt 0:02:23]} 58. Rb7 {[%emt 0:00:20]} Kh8 {[%emt 0:01:19]} 59. Kg6 {[%emt 0:00:37]} Be5 {[%emt 0:00:13]} 60. h7 {[%emt 0:00:30]} b1=Q+ {[%emt 0:00:49]} 61. Rxb1 {[%emt 0:01:35]} Bb2 {[%emt 0:00:17]} 62. Rd1 {[%emt 0:00:26]} Bd4 {[%emt 0:00:16]} 63. Rd2 {[%emt 0:03:09]} Be3 {[%emt 0:00:38]} 64. Re2 {[%emt 0:00:04]} 1-0

[Event "35th European Club Cup 2019"]
[Site "Ulcinj"]
[Date "2019.11.15"]
[Round "6.12"]
[White "Salama, Omar"]
[Black "Kosanovic, Goran A"]
[Result "0-1"]
[WhiteElo "2193"]
[BlackElo "2313"]
[Annotator "NA"]
[PlyCount "66"]
[EventDate "2019.11.10"]
[EventType "team-tourn"]
[EventCountry "MNE"]
[SourceTitle "playchess.com"]
[Source "ChessBase"]
[SourceQuality "1"]
[WhiteTeam "Reykjavik CC"]
[BlackTeam "Sloven Ruma"]
[TimeControl "40/5400+30:1800+30"]

1. d4 {[%emt 0:00:00]} Nf6 {[%emt 0:00:00]} 2. Nf3 {[%emt 0:00:00]} c5 {[%emt 0:00:00]} 3. e3 {[%emt 0:00:12]} e6 {[%emt 0:02:06]} 4. Bd3 {[%emt 0:00:34]} d5 {[%emt 0:00:15]} 5. b3 {[%emt 0:00:41]} Nc6 {[%emt 0:02:30]} 6. O-O {[%emt 0:00:39]} Be7 {[%emt 0:01:07]} 7. Bb2 {[%emt 0:00:49]} cxd4 {[%emt 0:00:10]} 8. exd4 {[%emt 0:00:53]} O-O {[%emt 0:00:18]} 9. a3 b6 {[%emt 0:02:31]} 10. Nbd2 {[%emt 0:06:18]} a5 {[%emt 0:00:30]} 11. Ne5 {[%emt 0:02:01]} Nxe5 {[%emt 0:01:06]} 12. dxe5 {[%emt 0:00:07]} Nd7 {[%emt 0:00:20]} 13. f4 {[%emt 0:03:11]} Nc5 {[%emt 0:06:15]} 14. Be2 {[%emt 0:24:32]} Ba6 {[%emt 0:06:22]} 15. Bxa6 {[%emt 0:00:43]} Rxa6 {[%emt 0:04:55]} 16. Qe2 {[%emt 0:00:43]} Ra7 {[%emt 0:01:20]} 17. Rad1 {[%emt 0:02:41]} Qc8 {[%emt 0:01:00]} 18. Rf3 {[%emt 0:15:48]} Rc7 {[%emt 0:01:31]} 19. Bd4 {[%emt 0:10:04]} Rd8 {[%emt 0:16:24]} 20. a4 {[%emt 0:07:10]} Ne4 {[%emt 0:12:16]} 21. Nxe4 {[%emt 0:06:53]} dxe4 {[%emt 0:00:15]} 22. Qxe4 {[%emt 0:00:23]} Rxc2 {[%emt 0:00:48]} 23. Rfd3 {[%emt 0:01:08]} Rc1 {[%emt 0:01:13]} 24. Kf1 {[%emt 0:06:55]} Qc2 {[%emt 0:01:51]} 25. Rxc1 {[%emt 0:01:19]} Qxc1+ {[%emt 0:00:11]} 26. Ke2 {[%emt 0:00:20]} Qc2+ {[%emt 0:00:52]} 27. Ke3 {[%emt 0:00:58]} Ba3 {[%emt 0:01:36]} 28. Rc3 {[%emt 0:03:14]} Qd1 {[%emt 0:01:57]} 29. Rd3 {[%emt 0:04:26]} Qf1 {[%emt 0:08:10]} 30. Bc3 {[%emt 0:01:38]} Bc5+ {[%emt 0:03:10]} 31. Bd4 {[%emt 0:00:08]} Qg1+ {[%emt 0:00:33]} 32. Kf3 {[%emt 0:00:47]} Rxd4 {[%emt 0:00:26]} 33. Rxd4 {[%emt 0:00:27]} Qxd4 {[%emt 0:00:09]} 0-1

[Event "35th European Club Cup 2019"]
[Site "Ulcinj"]
[Date "2019.11.15"]
[Round "6.13"]
[White "Howell, David W L"]
[Black "Dreev, Aleksey"]
[Result "1/2-1/2"]
[WhiteElo "2701"]
[BlackElo "2671"]
[Annotator "TA"]
[PlyCount "60"]
[EventDate "2019.11.10"]
[EventType "team-tourn"]
[EventCountry "MNE"]
[SourceTitle "playchess.com"]
[Source "ChessBase"]
[SourceQuality "1"]
[WhiteTeam "Valerenga"]
[BlackTeam "Moscow Chess Team"]

{[%evp 11,60,4,21,25,31,14,14,14,16,13,16,15,22,19,20,16,22,15,17,19,19,13,17,19,18,12,15,11,8,8,11,10,14,10,36,32,50,36,37,14,20,14,14,8,11,10,11,7,12,10,13]} 1. e4 c6 2. Nf3 d5 3. Nc3 Bg4 4. h3 Bxf3 5. Qxf3 e6 6. d4 dxe4 7. Qxe4 {B11: Caro-Kann: Two Knights Variation} (7. Nxe4 Qxd4 8. Bd3 Nd7 9. c3 Qd5 10. Qg3 Ngf6 11. Nxf6+ Nxf6 12. Bc2 O-O-O 13. Be3 Qa5 14. O-O Nd5 15. Bd4 {0-1 (56) Nepomniachtchi,I (2775)-Mamedyarov,S (2765) Paris 2019}) 7... Nf6 8. Qd3 Nbd7 9. g3 Bd6 10. Bg2 O-O 11. O-O Qc7 12. Bd2 Rad8 $146 ({Predecessor:} 12... Rfe8 13. Rfe1 Rad8 {½-½ (42) Keskowski,T (2388)-Riess,B (2108) GER email 2015}) 13. Rad1 Rfe8 14. Rfe1 e5 15. d5 e4 {[%mdl 64] [#] Decoy} 16. Nxe4 Rxe4 {[%mdl 64] Remove Defender} 17. Bxe4 {Threatens to win with Bg5.} Nc5 {[%mdl 64] Double Attack} 18. Qf3 {Strongly threatening Bg5.} Ncxe4 19. Rxe4 Nxe4 20. Qxe4 {dxc6 is the strong threat.} cxd5 21. Qd3 Be5 22. c3 h6 23. Be3 a6 24. Kg2 Qc6 25. Bd4 Re8 {The position is equal.} 26. Rd2 b5 27. a3 Re6 28. h4 h5 29. Qf3 Bxd4 30. Rxd4 Re5 {Accuracy: White = 75%, Black = 86%.} 1/2-1/2

[Event "35th European Club Cup 2019"]
[Site "Ulcinj"]
[Date "2019.11.15"]
[Round "6.13"]
[White "Edouard, Romain"]
[Black "Schmidek, Emil"]
[Result "0-1"]
[WhiteElo "2635"]
[BlackElo "2394"]
[Annotator "TA"]
[PlyCount "70"]
[EventDate "2019.11.10"]
[EventType "team-tourn"]
[EventCountry "MNE"]
[SourceTitle "playchess.com"]
[Source "ChessBase"]
[SourceQuality "1"]
[WhiteTeam "KGSRL Gent"]
[BlackTeam "Berlin"]

{[%evp 11,70,0,10,-5,-5,-11,0,-33,-32,-37,-24,-97,-102,-142,-112,-112,-72,-153,-12,-11,-11,-30,-25,0,0,-3,-17,-16,-9,-8,-32,-12,-34,-186,-202,-324,-327,-395,-387,-444,-248,-323,-322,-408,-407,-616,-465,-638,-501,-497,-491,-601,-601,-601,-576,-588,-501,-560,-560,-647,-464]} 1. d4 d5 2. Bf4 Nf6 3. e3 e6 4. Nd2 c5 5. c3 Nc6 6. Ngf3 Nh5 7. Be5 {D02: 1 d4 d5 2 Nf3 sidelines, including 2...Nf6 3 g3 and 2...Nf6 3 Bf4} (7. Bg5 Qc7 8. Ne5 g6 9. Nxc6 bxc6 10. Be2 Rb8 11. Rb1 h6 12. Bh4 g5 13. Bxh5 gxh4 14. O-O Bd6 {1-0 (53) Harikrishna,P (2732)-Navara,D (2727) Prague 2018}) 7... f6 8. Bg3 $1 cxd4 9. exd4 {The position is equal.} g6 10. Bd3 Bg7 11. Qc2 (11. Bc2 $11 {keeps the balance.}) 11... O-O 12. O-O-O e5 $146 ({Predecessor:} 12... b5 13. h4 b4 14. Bh2 f5 {½-½ (32) Hrabusa,M (2335)-Michalik,P (2557) Pardubice 2017}) 13. dxe5 fxe5 14. Nc4 (14. Qb3 $142) 14... Bd7 ({Black should try} 14... Qe7 $17 15. Ne3 Be6) 15. Ncxe5 $11 Nxe5 16. Nxe5 Qg5+ 17. f4 $1 {[%cal Rf4g5]} Rxf4 18. Nxd7 Rf2+ 19. Rd2 Nxg3 20. hxg3 Bh6 21. Rxh6 $1 Qxh6 22. Qd1 $2 (22. b4 $15) 22... Qe3 $19 23. b4 {[#]} (23. Be2 $142 Kg7 24. Kc2) 23... a5 $1 {[%cal Ra5b4]} 24. bxa5 Rxa5 25. Qc2 {and the idea c4 leaves White hopeful.} Rf7 (25... Rxg2 $142 26. g4 Kh8) 26. Nb8 Qxg3 27. Re2 {If only White now had time for Re8+....} Qxb8 28. Re6 (28. Kb2 $142) 28... Qc8 {Black is clearly winning.} 29. Re5 Kg7 30. c4 Qc5 {[#] Hoping for ...Qg1+.} 31. Rxd5 {Black must now prevent Qc3+.} Qg1+ 32. Kb2 {aiming for Qc3+.} Rxd5 33. cxd5 Qd4+ 34. Kb1 Qb6+ 35. Ka1 Rc7 {Accuracy: White = 21%, Black = 70%.} 0-1

[Event "35th European Club Cup 2019"]
[Site "Ulcinj"]
[Date "2019.11.15"]
[Round "6.13"]
[White "Laurusas, Tomas"]
[Black "Abergel, Thal"]
[Result "1/2-1/2"]
[WhiteElo "2499"]
[BlackElo "2469"]
[Annotator "ChessBase"]
[PlyCount "88"]
[EventDate "2019.11.10"]
[EventType "team-tourn"]
[EventCountry "MNE"]
[SourceTitle "playchess.com"]
[Source "ChessBase"]
[SourceQuality "1"]
[WhiteTeam "MRU-ROSK Consulting"]
[BlackTeam "Viernheim"]
[TimeControl "40/5400+30:1800+30"]

1. d4 d5 2. c4 e6 3. Nc3 a6 4. cxd5 exd5 5. Nf3 h6 6. Bf4 Nf6 7. e3 Bd6 8. Bg3 Qe7 9. Bd3 Nbd7 10. O-O Bxg3 11. hxg3 c6 12. Qc2 O-O 13. Rab1 Re8 14. Nd2 Ng4 15. Rfe1 Qg5 16. Nf3 Qh5 17. Ne2 g5 18. Nc3 Ndf6 19. b4 Be6 20. a4 Re7 21. e4 dxe4 22. Nxe4 Nxe4 23. Rxe4 Rae8 24. Rbe1 Kg7 25. Bc4 Qg6 26. Qb2 Kf8 27. Bxe6 Rxe6 28. Ne5 Nxe5 29. dxe5 Rd8 30. Rd4 Ree8 31. Red1 Rd5 32. Rxd5 cxd5 33. Qd4 Qc2 34. f4 Qxa4 35. Qc5+ Kg7 36. Rxd5 Qa1+ 37. Kh2 gxf4 38. gxf4 Qe1 39. Kh3 Qh1+ 40. Kg3 Kh8 41. Kf3 Rg8 42. Rd2 Qh5+ 43. Ke3 Qh1 44. Kf3 Qh5+ 1/2-1/2